Trail-blazers of American art /

Bibliographic Details
Main Author: Irwin, Grace, 1894-
Format: Book
Language:English
Published: New York ; London : Harper & Brothers, 1930.
Edition:First ed.
Subjects:

MARC

Tag First Indicator Second Indicator Subfields
LEADER 00000cam a2200000 a 4500
001 in00000014665
005 20231102193015.0
008 880425s1930 nyuaf 000 0ceng d
010 |a  30025087  
035 |a (OCoLC)17847649 
035 |9 AAA7038AM 
040 |a DLC  |c TXA  |d UtOrBLW 
043 |a n-us--- 
049 |a TXAS  |c [A08599458] 
050 0 0 |a N6505  |b .I7 1930 
100 1 |a Irwin, Grace,  |d 1894- 
245 1 0 |a Trail-blazers of American art /  |c by Grace Irwin. 
250 |a First ed. 
264 1 |a New York ;  |a London :  |b Harper & Brothers,  |c 1930. 
300 |a [10], 228 pages, 11 leaves of plates :  |b illustrations ;  |c 23 cm 
336 |a text  |b txt  |2 rdacontent 
337 |a unmediated  |b n  |2 rdamedia 
338 |a volume  |b nc  |2 rdacarrier 
504 |a Includes bibliographical references (pages 227-228). 
505 0 |a Gilbert Stuart.--George Innes.--Winslow Homer.--John Quincy Adams Ward.--James MacNeil Whistler.--Edwin Austin Abbey.--Augustus Saint Gaudens.--Joseph Pennell.--Joseph Singer Sargent.--Thomas Nast.--Howard Pyle and some others. 
650 0 |a Artists  |z United States  |x Juvenile literature. 
999 |a MARS 
999 f f |s bfffce6d-f465-3e53-a6b6-7be3d3d58552  |i f04dbd05-ecbb-3ae7-bc02-f48a4f27a76f  |t 0 
952 f f |p noncirc  |a Texas A&M University  |b College Station  |c Cushing Memorial Library & Archives  |d Cushing: Dykes (Does not check out)  |t 0  |e N6505 .I7 1930  |h Library of Congress classification  |i unmediated -- volume  |m A14853124195 
998 f f |a N6505 .I7 1930  |t 0  |l Cushing: Dykes (Does not check out)